LEADER 00830nam0-2200289 --450 001 9910916498303321 005 20250303171121.0 010 $a88-86358-00-8 020 $aIT$b95-10865 100 $a20241217d1994----kmuy0itay5050 ba 101 0 $aita 102 $aIT 105 $a 001yy 200 1 $aAmore, differenza, mondo$eun'educazione sentimentale$fGiuseppe Ferraro, Simona Marino 210 $aNapoli$cFilema$dstampa 1994 215 $a128 p.$d20 cm 225 1 $aRitagli$v1 676 $a858.91408$v20 700 1$aFerraro,$bGiuseppe$f<1949- >$0109708 701 1$aMarino,$bSimona$0143401 801 0$aIT$bUNINA$gREICAT$2UNIMARC 901 $aBK 912 $a9910916498303321 952 $aDAM A15 FERR 01$b2024/3578$fFLFBC 959 $aFLFBC 996 $aAmore, differenza, mondo$94301550 997 $aUNINA LEADER 02140nam 2200481z- 450 001 9910557264503321 005 20211118 035 $a(CKB)5400000000041311 035 $a(oapen)https://directory.doabooks.org/handle/20.500.12854/73393 035 $a(oapen)doab73393 035 $a(EXLCZ)995400000000041311 100 $a20202111d2019 |y 0 101 0 $aeng 135 $aurmn|---annan 181 $ctxt$2rdacontent 182 $cc$2rdamedia 183 $acr$2rdacarrier 200 00$aHow Prides of Lion Researchers are Evolving to be Interdisciplinary 210 $cFrontiers Media SA$d2019 215 $a1 online resource (130 p.) 311 08$a2-88963-238-5 330 $aThis eBook is a collection of articles from a Frontiers Research Topic. Frontiers Research Topics are very popular trademarks of the Frontiers Journals Series: they are collections of at least ten articles, all centered on a particular subject. With their unique mix of varied contributions from Original Research to Review Articles, Frontiers Research Topics unify the most influential researchers, the latest key findings and historical advances in a hot research area! Find out more on how to host your own Frontiers Research Topic or contribute to one as an author by contacting the Frontiers Editorial Office: frontiersin.org/about/contact 606 $aEcological science, the Biosphere$2bicssc 606 $aScience: general issues$2bicssc 610 $acarnivore 610 $aconflict 610 $aconservation 610 $ainterdisciplinary 610 $alion 610 $amultidisciplinary 610 $aPanthera leo 615 7$aEcological science, the Biosphere 615 7$aScience: general issues 700 $aMontgomery$b Robert A$4edt$01314838 702 $aHayward$b Matt W$4edt 702 $aMombo Kissui$b Bernard$4edt 702 $aMontgomery$b Robert A$4oth 702 $aHayward$b Matt W$4oth 702 $aMombo Kissui$b Bernard$4oth 906 $aBOOK 912 $a9910557264503321 996 $aHow Prides of Lion Researchers are Evolving to be Interdisciplinary$93032031 997 $aUNINA